Komunikasi untuk pemimpin

Bibliographic Details
Main Author: Ainon Mohd
Format: Book
Published: Pahang : PTS Publications & Distributor Sdn. Bhd. , 2001
Subjects:

MARC

LEADER 00000cam a2200000 7i4500
001 0000052176
005 20150920.0
008 150920
020 |a 9832311780 
090 0 0 |a 302.2   |b AIN 
100 0 |a Ainon Mohd. 
245 1 0 |a Komunikasi untuk pemimpin   |c Ainon Mohd 
260 |a Pahang :   |b PTS Publications & Distributor Sdn. Bhd. ,   |c 2001 
300 |a 171pg. 
500 |a Includes 
650 0 |a Communication 
999 |a 0000890899   |b Book   |c Adult Collection   |e Cawangan Mersing 
999 |a 0000890902   |b Book   |c Adult Collection   |e Cawangan Mersing 
999 |a 0000890906   |b Book   |c Adult Collection   |e Cawangan Mersing 
999 |a 0000893401   |b Book   |c Adult Collection   |e Cawangan Tmn. Ungku Tun Aminah 
999 |a 000890904   |b Book   |c Adult Collection   |e Cawangan Kota Tinggi 
999 |a 000893402   |b Book   |c Adult Collection   |e Cawangan Muar